Le Cubisme

Guardat en:
Dades bibliogràfiques
Autor principal: Golding, John (Autor)
Format: Llibre
Idioma:francès
Publicat: París Editions René Julliard 1965
Matèries:
Etiquetes: Afegir etiqueta
Sense etiquetes, Sigues el primer a etiquetar aquest registre!

MARC

LEADER 00000cam a2200000 a 4500
001 UCF8730
003 CL-VaPUC
008 131004e19650000fr |||||||||||||||||fre|d
082 0 4 |a 709.04032  |b GOL  |2 21 
100 |a Golding, John  |e author  |9 570871 
245 1 3 |a Le Cubisme 
300 |a 380 p 
942 |c BK 
945 |d 20131004 22:02:00  |a dcastane 
260 |a París  |b Editions René Julliard  |c 1965 
650 0 |a Arte moderno  |9 265333 
650 0 |a Arte   |y Siglo 20  |9 267709 
650 0 |a Cubismo  |9 265275 
583 |a last modification  |c 20131004 22:02:00  |k Rodrigo Vera 
999 |c 353291  |d 353289 
952 |0 0  |1 0  |3 erb  |4 0  |6 709_040320000000000_GOL_1965  |7 0  |8 A  |9 458428  |a BIBART  |b BIBART  |d 2019-11-23  |i 5010403  |o 709.04032 GOL 1965  |p 5010403  |r 2025-03-13  |w 2019-11-23  |y BK  |z Catalogado en:20131004  |k ART